000 00363pam a2200157a 44500
008 230515b1980 xxu||||| |||| 00| 0 eng d
020 _aNULL
041 _aENGLISH
082 _a630
100 _a9163-1979
245 _aDILUTION METHODS FOR MEASUREMENT OF STEADY FLOW PART-1
250 _a0
260 _aDELHI
_bISI
_c1980
300 _a15
650 _aNULL
999 _c652250
_d652250